Statistics for I Want You Back - The Jackson 5 (All Lyrics)

Click here to take the quiz!

General Stats

  • This quiz has been taken 419 times
  • The average score is 234 of 302

Answer Stats

Lyrics% Correct
I
100%
(I
100%
I'd
100%
ya
99%
you
99%
you.
99%
you,
99%
oh!
96%
Oh,
96%
oh
96%
Oh
96%
want
96%
want.
96%
a
94%
back!
94%
back
94%
back)
94%
to
94%
me
90%
on
90%
on,
90%
on.
90%
Baby,
88%
baby.
88%
baby,
88%
one
88%
When
88%
in
87%
the
86%
more
85%
chance
84%
chance.
84%
Let
84%
let
84%
around.
83%
Give
83%
give
83%
myself,
83%
your
83%
didn't
82%
had
81%
Now
81%
now.
81%
now
81%
go.
80%
it
78%
love
78%
heart.
76%
was
76%
All
75%
all
75%
for
74%
too
74%
show
73%
that
73%
crowd.
72%
out
72%
please
72%
take
72%
look.
71%
pretty
71%
stand
71%
Those
70%
But
69%
second
69%
darlin',
68%
faces
68%
Won't
68%
always
67%
from
66%
it's
66%
is
65%
late
65%
took.
62%
do
61%
blind
60%
much
59%
make
57%
need.
57%
need
57%
someone
56%
girl
54%
girl,
54%
know
54%
glance
50%
tell
50%
bunch,
47%
picked
47%
yeah.
46%
yeah
46%
Yeah
46%
live
45%
night.
44%
right.
44%
Trying
44%
without
44%
wrong
44%
And
41%
since
41%
sleepless
39%
Every
36%
just
36%
ground.
34%
I've
34%
seen,
34%
seen
34%
even
33%
then.
32%
walk
32%
long
31%
Following
30%
street
29%
what
27%
leave
25%
tear
25%
stains
23%
of
19%
this
17%
again.
13%
Forget
12%
happened
12%
lost.
11%
Spare
7%
cost.
3%

Score Distribution

Percentile by Number Answered

Percent of People with Each Score

Your Score History

You have not taken this quiz